<?xml version="1.0" encoding="UTF-8"?>
<record
    xmlns:xsi="http://www.w3.org/2001/XMLSchema-instance"
    xsi:schemaLocation="http://www.loc.gov/MARC21/slim http://www.loc.gov/standards/marcxml/schema/MARC21slim.xsd"
    xmlns="http://www.loc.gov/MARC21/slim">

  <leader>02176    a2200205   4500</leader>
  <controlfield tag="001">24773</controlfield>
  <controlfield tag="005">20260407155530.0</controlfield>
  <controlfield tag="008">260407a1997    arg                 spa d</controlfield>
  <controlfield tag="003">AR-UNSa-BCEJYS</controlfield>
  <datafield tag="040" ind1=" " ind2=" ">
    <subfield code="a">AR-UNSa-BCEJYS</subfield>
    <subfield code="b">spa</subfield>
    <subfield code="c">AR-UNSa-BCEJYS</subfield>
  </datafield>
  <datafield tag="080" ind1=" " ind2=" ">
    <subfield code="a">657.3</subfield>
    <subfield code="x">Presupuestos. Cierre de Cuentas. Balances (Estados Contables)</subfield>
  </datafield>
  <datafield tag="245" ind1="1" ind2="0">
    <subfield code="a">Los balances</subfield>
    <subfield code="p">Tratado sobre los estados contables</subfield>
  </datafield>
  <datafield tag="020" ind1=" " ind2=" ">
    <subfield code="a">950-739-534-2</subfield>
  </datafield>
  <datafield tag="264" ind1=" " ind2="1">
    <subfield code="a">Buenos Aires :</subfield>
    <subfield code="b">Errepar</subfield>
    <subfield code="c">1997</subfield>
  </datafield>
  <datafield tag="300" ind1=" " ind2=" ">
    <subfield code="a">2 v.</subfield>
    <subfield code="c">21 cm.</subfield>
  </datafield>
  <datafield tag="505" ind1=" " ind2=" ">
    <subfield code="a">1. Vol. I: 1. El derecho de control e informaci&#xF3;n &#x2013; 2. El derecho de informaci&#xF3;n del accionista &#x2013; 3.  Normas societarias de aplicaci&#xF3;n &#x2013; 4. Informaci&#xF3;n y principios contables &#x2013; 5. Estados contables: concepto, finalidad y clases &#x2013; 6. Valuaci&#xF3;n y ajuste por inflaci&#xF3;n &#x2013; 7. Estados contables de ejercicio: normas generales  &#x2013; 8. Estado de situaci&#xF3;n patrimonial o balance general: pautas generales &#x2013; 9. Estado de situaci&#xF3;n patrimonial o balance general: activo &#x2013; 10. Estado de situaci&#xF3;n patrimonial o balance general: pasivo &#x2013; 11. Estado de situaci&#xF3;n patrimonial o balance general: el patrimonio neto y su estado de evoluci&#xF3;n &#x2013; 12. Estado de resultado &#x2013; 13. Informaci&#xF3;n complementaria &#x2013; Vol. II: 14. Estado de origen y aplicaci&#xF3;n de fondos &#x2013; 15. Estados consolidados &#x2013; 16. Informaci&#xF3;n comparativa &#x2013; 17. Presentaci&#xF3;n de estados contables &#x2013; 18. El informe de los estados contables &#x2013; 19. Elaboraci&#xF3;n, aprobaci&#xF3;n e impugnaci&#xF3;n de los estados contables &#x2013; 20. Estados contables especiales: Introducci&#xF3;n &#x2013; 21. El balance impositivo &#x2013; 22. Estado contables proyectados &#x2013; 23. Balance de apertura &#x2013; 24. Balance de transformaci&#xF3;n &#x2013; 25. Balance de fusi&#xF3;n &#x2013; 26. Balance de escisi&#xF3;n &#x2013; 27. Balance de receso &#x2013; 28. Balance de separaci&#xF3;n del socio &#x2013; 29. Balance de cesi&#xF3;n de paquetes accionarios &#x2013; 30. Balance de liquidaci&#xF3;n &#x2013; 31. Estados contables e informes sobre concursos y quiebra &#x2013; 32. Estados contables de los agrupamientos empresarios &#x2013; 33. Estados contables de entes sin fines de lucro.
</subfield>
  </datafield>
  <datafield tag="942" ind1=" " ind2=" ">
    <subfield code="c">BK</subfield>
  </datafield>
  <datafield tag="590" ind1=" " ind2=" ">
    <subfield code="a">niveau_biblio:m niveau_hierar:0</subfield>
  </datafield>
  <datafield tag="100" ind1="1" ind2=" ">
    <subfield code="a">Ver&#xF3;n, Alberto V&#xED;ctor</subfield>
  </datafield>
  <datafield tag="999" ind1=" " ind2=" ">
    <subfield code="c">1219</subfield>
    <subfield code="d">1219</subfield>
  </datafield>
  <datafield tag="952" ind1=" " ind2=" ">
    <subfield code="0">0</subfield>
    <subfield code="1">0</subfield>
    <subfield code="4">0</subfield>
    <subfield code="7">0</subfield>
    <subfield code="a">BCEJYS</subfield>
    <subfield code="b">BCEJYS</subfield>
    <subfield code="c">16</subfield>
    <subfield code="d">2026-04-07</subfield>
    <subfield code="l">0</subfield>
    <subfield code="o">657.3 V547b v.1</subfield>
    <subfield code="p">L85854</subfield>
    <subfield code="r">2026-04-07 15:55:30</subfield>
    <subfield code="w">2026-04-07</subfield>
    <subfield code="y">L</subfield>
  </datafield>
  <datafield tag="952" ind1=" " ind2=" ">
    <subfield code="0">0</subfield>
    <subfield code="1">0</subfield>
    <subfield code="4">0</subfield>
    <subfield code="7">0</subfield>
    <subfield code="a">BCEJYS</subfield>
    <subfield code="b">BCEJYS</subfield>
    <subfield code="c">16</subfield>
    <subfield code="d">2026-04-07</subfield>
    <subfield code="l">0</subfield>
    <subfield code="o">657.3 V547b v.1</subfield>
    <subfield code="p">L85855</subfield>
    <subfield code="r">2026-04-07 15:55:30</subfield>
    <subfield code="w">2026-04-07</subfield>
    <subfield code="y">L</subfield>
  </datafield>
  <datafield tag="952" ind1=" " ind2=" ">
    <subfield code="0">0</subfield>
    <subfield code="1">0</subfield>
    <subfield code="4">0</subfield>
    <subfield code="7">0</subfield>
    <subfield code="a">BCEJYS</subfield>
    <subfield code="b">BCEJYS</subfield>
    <subfield code="c">16</subfield>
    <subfield code="d">2026-04-07</subfield>
    <subfield code="l">0</subfield>
    <subfield code="o">657.3 V547b v.2</subfield>
    <subfield code="p">L85858</subfield>
    <subfield code="r">2026-04-07 15:55:30</subfield>
    <subfield code="w">2026-04-07</subfield>
    <subfield code="y">L</subfield>
  </datafield>
  <datafield tag="952" ind1=" " ind2=" ">
    <subfield code="0">0</subfield>
    <subfield code="1">0</subfield>
    <subfield code="4">0</subfield>
    <subfield code="7">0</subfield>
    <subfield code="a">BCEJYS</subfield>
    <subfield code="b">BCEJYS</subfield>
    <subfield code="c">16</subfield>
    <subfield code="d">2026-04-07</subfield>
    <subfield code="l">0</subfield>
    <subfield code="o">657.3 V547b v.2</subfield>
    <subfield code="p">L85857</subfield>
    <subfield code="r">2026-04-07 15:55:30</subfield>
    <subfield code="w">2026-04-07</subfield>
    <subfield code="y">L</subfield>
  </datafield>
  <datafield tag="952" ind1=" " ind2=" ">
    <subfield code="0">0</subfield>
    <subfield code="1">0</subfield>
    <subfield code="4">0</subfield>
    <subfield code="7">0</subfield>
    <subfield code="a">BCEJYS</subfield>
    <subfield code="b">BCEJYS</subfield>
    <subfield code="c">16</subfield>
    <subfield code="d">2026-04-07</subfield>
    <subfield code="l">0</subfield>
    <subfield code="o">657.3 V547b v.2</subfield>
    <subfield code="p">L85856</subfield>
    <subfield code="r">2026-04-07 15:55:30</subfield>
    <subfield code="w">2026-04-07</subfield>
    <subfield code="y">L</subfield>
  </datafield>
  <datafield tag="952" ind1=" " ind2=" ">
    <subfield code="0">0</subfield>
    <subfield code="1">0</subfield>
    <subfield code="4">0</subfield>
    <subfield code="7">0</subfield>
    <subfield code="a">BCEJYS</subfield>
    <subfield code="b">BCEJYS</subfield>
    <subfield code="c">16</subfield>
    <subfield code="d">2026-04-07</subfield>
    <subfield code="l">0</subfield>
    <subfield code="o">657.3 V547b v.1</subfield>
    <subfield code="p">L85853</subfield>
    <subfield code="r">2026-04-07 15:55:30</subfield>
    <subfield code="w">2026-04-07</subfield>
    <subfield code="y">L</subfield>
  </datafield>
</record>
